[Event "BRA-ch U18 Girls"]
[Site "Florianopolis"]
[Date "2021.07.04"]
[Round "6"]
[White "Maciel, Fabiana Tonse"]
[Black "Feller, Gabriela Luisa Vice"]
[Result "1-0"]
[WhiteElo "1500"]
[BlackElo "1821"]
[PlyCount "133"]
[EventDate "2021.07.01"]
[EventType "swiss"]
[EventRounds "6"]
[EventCountry "BRA"]
[SourceTitle "CBM 203 Extra"]
[Source "ChessBase"]
[SourceDate "2021.09.30"]
[SourceVersion "1"]
[SourceVersionDate "2021.09.30"]
[SourceQuality "1"]

1. c4 c6 2. Nc3 d5 3. cxd5 cxd5 4. d4 Nf6 5. e3 g6 6. Bd3 Bg7 7. f4 0-0 8. Nf3 b6 9. 0-0 Ba6 10. Qe2 Bxd3 11. Qxd3 Nbd7 12. b3 e6 13. Bb2 a6 14. Rac1 b5 15. Ba3 Re8 16. Bc5 Bf8 17. b4 Nb6 18. Ne5 Nc4 19. Nxc4 dxc4 20. Qe2 Nd5 21. a4 Rb8 22. axb5 axb5 23. e4 Nxb4 24. Ba7 Rb7 25. Nxb5 Rxb5 26. Qxc4 Rb7 27. Bc5 Bxc5 28. dxc5 Qc7 29. f5 Nc6 30. f6 Qe5 31. Qe2 Rb4 32. Rce1 Qxc5+ 33. Kh1 Qg5 34. Rc1 Nd4 35. Qa6 Rbb8 36. Rc7 Qb5 37. Qxb5 Rxb5 38. Rd1 Reb8 39. h3 e5 40. Rdc1 Rb1 41. Rc8+ Rxc8 42. Rxb1 Kf8 43. Kh2 Ke8 44. Rb7 Nc6 45. Kg3 Rb8 46. Rc7 Rb6 47. Kg4 Kd8 48. Rxf7 h6 49. Rg7 Rb2 50. g3 Rb4 51. Rxg6 Nd4 52. Rxh6 Ke8 53. Rh7 Rb3 54. h4 Rf3 55. Re7+ Kf8 56. Rxe5 Rxf6 57. Rd5 Ne6 58. Rf5 Kf7 59. Rxf6+ Kxf6 60. h5 Nd8 61. e5+ Kxe5 62. Kg5 Ke6 63. Kg6 Nf7 64. h6 Ne5+ 65. Kg7 Nf7 66. h7 Ke7 67. g4 1-0